| 000 | 00431pab a2200169 454500 | ||
|---|---|---|---|
| 008 | 180718b2010 xxu||||| |||| 00| 0 eng d | ||
| 100 | _aPetwal, Aditya et al. | ||
| 245 | _aLivelihood enhancement strategies for tribal regions of Maharashtra | ||
| 260 | _c2010 | ||
| 300 | _ap.34-40. | ||
| 362 | _aNov | ||
| 650 | _aTribes - India - Maharashtra | ||
| 650 | _aTribes | ||
| 773 | _aKurukshetra | ||
| 908 | _aN | ||
| 909 | _a89556 | ||
| 999 |
_c89556 _d89556 |
||